000 00578nam a22002292 4500
001 0000013211
003 OSt
005 20231025164111.0
008 090624s xx 000 0 eng d
020 _a1292025230
040 _aKABU
_cKABU
050 _aP90
_b.V58 2014
100 1 _aVivian, John.
245 1 4 _a Media of mass communication /
_cJohn Vivian.
250 _a11th ed.
260 _aBoston :
_bPearson,
_c2014
300 _aii, 452p.
650 0 _aMass media.
908 _a090624
942 _2lcc
_cBK
999 _c20360
_d20359